书目信息 |
| 题名: |
宝鼎之光
|
|
| 作者: | 姜越 主编 | |
| 分册: | ||
| 出版信息: | 北京 中国书店 2020.09 |
|
| 页数: | 229页 | |
| 开本: | 24cm | |
| 丛书名: | 中华文明一本通系列 | |
| 单 册: | ||
| 中图分类: | K225.03 | |
| 科图分类: | ||
| 主题词: | 文化史--wen hua shi--中国--春秋战国时代 | |
| 电子资源: | ||
| ISBN: | 978-7-5149-2384-1 | |
| 000 | 01003nam 2200277 450 | |
| 001 | CAL 010204215 | |
| 005 | 20230308143223.0 | |
| 010 | @a978-7-5149-2384-1@dCNY58.00 | |
| 100 | @a20201202d2020 em y0chiy0120 ea | |
| 101 | 0 | @achi |
| 102 | @aCN@b110000 | |
| 105 | @aa z 000yy | |
| 106 | @ar | |
| 200 | 1 | @a宝鼎之光@Abao ding zhi guang@e春秋战国文明一本通@f姜越主编 |
| 210 | @a北京@c中国书店@d2020.09 | |
| 215 | @a229页@c图@d24cm | |
| 225 | 2 | @a中华文明一本通系列@Azhong hua wen ming yi ben tong xi lie |
| 314 | @a姜越, 大学毕业后长期从事文化工作。 | |
| 330 | @a本书共分九章, 具体内容包括: 春秋战国农业文明, 百家争鸣局面的形成, 诸子人物及其著作, 政治变革、商业、交通、文学等。 | |
| 410 | 0 | @12001 @a中华文明一本通系列 |
| 517 | 1 | @a春秋战国文明一本通@Achun qiu zhan guo wen ming yi ben tong |
| 606 | 0 | @a文化史@Awen hua shi@y中国@z春秋战国时代 |
| 690 | @aK225.03@v5 | |
| 701 | 0 | @a姜越@Ajiang yue@c(文史)@4主编 |
| 801 | 0 | @aCN@bBJXHXP@c20230308 |
| 905 | @b1403479-82@dK225.03@e105@f4 | |
| 宝鼎之光:春秋战国文明一本通/姜越主编.-北京:中国书店,2020.09 |
| 229页:图;24cm.-(中华文明一本通系列) |
| ISBN 978-7-5149-2384-1:CNY58.00 |
| 本书共分九章, 具体内容包括: 春秋战国农业文明, 百家争鸣局面的形成, 诸子人物及其著作, 政治变革、商业、交通、文学等。 |
| ● |
| 相关链接 |
|
|
|
|
正题名:宝鼎之光
索取号:K225.03/105
 
预约/预借
| 序号 | 登录号 | 条形码 | 馆藏地/架位号 | 状态 | 备注 |
| 1 | 1403479 | 214034793 | 第二样本阅览室/ [索取号:K225.03/105] | 在馆 | |
| 2 | 1403480 | 214034800 | 第二借阅区/ [索取号:K225.03/105] | 在馆 | |
| 3 | 1403481 | 214034819 | 第二借阅区/ [索取号:K225.03/105] | 在馆 | |
| 4 | 1403482 | 214034828 | 第二借阅区/ [索取号:K225.03/105] | 在馆 |